000 01144nab a22002297a 4500
999 _c5944
_d5944
003 OSt
005 20260114020649.0
008 190605e xxu||||| |||| 00| 0 spa d
040 _cPJ
100 _91322
_aLivellara, Carlos Alberto
245 1 3 _aPrejudicialidad y cosa juzgada en materia laboral y la aplicación de las normas del Código Civil y Comercial /
_cCarlos Alberto Livellara.
260 _aCiudad Autónoma de Buenos Aires :
_bThomson Reuters La Ley,
_c2024.
300 _ap. 71-75
500 _aCita: TR LALEY AR/DOC/891/2024.
505 _aSumario: I. Introducción.— II. Principio general. Valoración autónoma de la injuria laboral.— III. Excepciones: cosa juzgada y prejudicialidad.— IV. Efectos de la sentencia penal posterior.
505 _t¿Te interesa el texto completo? Solicitalo al correo: koha@justierradelfuego.gov.ar
650 0 _91316
_aDERECHO LABORAL
650 0 _91497
_aCODIGO CIVIL Y COMERCIAL
650 0 _9965
_aCOSA JUZGADA
773 0 _02711
_93168
_dCiudad Autónoma de Buenos Aires : Thomson Reuters La Ley, 1999-2002.
_tRevista de derecho del trabajo. Nº 3 - Mayo 2024
942 _2udc
_cANA